MARC

LEADER 00000nam0a2200000 4500
001 337493
005 20231102004945.0
035 |a (RuTPU)RU\TPU\book\363980 
090 |a 337493 
100 |a 20171107d1964 km y0rusy50 ca 
101 0 |a rus 
102 |a RU 
105 |a abf z 001zy 
200 1 |a История палеозойского угленакопления на юго-востоке Русской платформы  |f А. П. Блудоров  |g Академия наук СССР, Казанский филиал 
210 |a Москва  |c Наука  |d 1964 
215 |a 276 с.  |c ил., карты  |e Прилож.: 6 вкл. л. карт 
320 |a Библиогр.: с. 265-275 
606 1 |a Палеозойские отложения  |2 stltpush  |3 (RuTPU)RU\TPU\subj\47983  |9 66866 
606 1 |a Каменноугольные отложения  |x Стратиграфия  |2 stltpush  |3 (RuTPU)RU\TPU\subj\13577  |9 40163 
610 1 |a угленакопление 
610 1 |a Русская платформа 
610 1 |a история 
610 1 |a тектоника 
610 1 |a каменноугольный период 
610 1 |a пермский период 
610 1 |a углефикация 
610 1 |a угленосные толщи 
675 |a 551.73  |v 4 
675 |a 551.735  |v 4 
700 1 |a Блудоров  |b А. П.  |g Александр Павлович 
712 0 2 |a Академия наук СССР  |b Казанский филиал 
801 1 |a RU  |b 63413507  |c 20171107 
801 2 |a RU  |b 63413507  |c 20201110  |g RCR 
942 |c BK